000 00365cam a2200145ua 4500
041 _aeng
_h
082 _a823.301
_bCAN/HI
100 _aCanning , Victor .
245 _aHidden face /
_cVictor Canning.
_hTextual Documents
260 _aLondon :
_bUniverstiy of London Press Ltd ,
_c1962.
300 _a128 ; .
504 _a
942 _cBK
999 _c3893
_d3893